Architects guide to the contract administration forms WCD 98 (Record no. 104601)
[ view plain ]
| 000 -LEADER | |
|---|---|
| fixed length control field | 00363cam a2200145 4500 |
| 001 - CONTROL NUMBER | |
| control field | L130899 |
| 008 - FIXED-LENGTH DATA ELEMENTS--GENERAL INFORMATION | |
| fixed length control field | 050914n2005 000 0 eng u |
| 020 ## - INTERNATIONAL STANDARD BOOK NUMBER | |
| International Standard Book Number | 185946162X |
| 035 ## - SYSTEM CONTROL NUMBER | |
| System control number | (Sirsi) u130899 |
| 245 ## - TITLE STATEMENT | |
| Title | Architects guide to the contract administration forms WCD 98 |
| 260 ## - PUBLICATION, DISTRIBUTION, ETC. | |
| Place of publication, distribution, etc. | RIBA Publications |
| Date of publication, distribution, etc. | 2005 |
| 350 ## - PRICE (NR) (BK AM CF MU VM SE) [OBSOLETE] | |
| Price | 18.95 |
| 942 ## - ADDED ENTRY ELEMENTS (KOHA) | |
| Suppress in OPAC | 0 |
No items available.